A Mindful Nation: How a Simple Practice Can Help Us Reduce Stress, Improve Performance, and Recapture the American Spirit / (Record no. 617197)

000 -LEADER
fixed length control field 00462nam a22001457a 4500
020 ## - INTERNATIONAL STANDARD BOOK NUMBER
Qualifying information HB.
040 ## - CATALOGING SOURCE
Transcribing agency FIZZA ISHAQ
082 ## - DEWEY DECIMAL CLASSIFICATION NUMBER
Classification number 616.8914
Author Mark RYA
100 ## - MAIN ENTRY--PERSONAL NAME
Personal name Ryan, Tim.
9 (RLIN) 134224
245 ## - TITLE STATEMENT
Title A Mindful Nation: How a Simple Practice Can Help Us Reduce Stress, Improve Performance, and Recapture the American Spirit /
Statement of responsibility, etc. Tim Ryan.
250 ## - EDITION STATEMENT
Edition statement 1st ED.
260 ## - PUBLICATION, DISTRIBUTION, ETC.
Place of publication, distribution, etc. New York:
Name of publisher, distributor, etc. Hay House Inc,
Date of publication, distribution, etc. 2012.
300 ## - PHYSICAL DESCRIPTION
Extent 203 P. ;
Dimensions 6 x 1 x 9 inches,
942 ## - ADDED ENTRY ELEMENTS (KOHA)
Source of classification or shelving scheme
Koha item type Book
Holdings
Withdrawn status Lost status Source of classification or shelving scheme Damaged status Not for loan Permanent Location Current Location Shelving location Date acquired Total Checkouts Full call number Barcode Date last seen Price effective from Koha item type
          NUST Baluchistan Campus (NBC) NUST Baluchistan Campus (NBC) General Stacks 04/21/2026   616.8914 RYA QD-499 04/21/2026 04/21/2026 Book
© 2023 Central Library, National University of Sciences and Technology. All Rights Reserved.